000 00825nam a2200277 a 4500
001 2897563
003 OSt
005 20170307153323.0
008 881006s1988 ohua 001 0 eng
010 _a 87063207
020 _a0538016809
040 _aDLC
_cDLC
_dDLC
050 0 0 _aHF5686.C8
_bS352 1988
082 0 0 _a657/.42
_219
100 1 _aSchmiedicke, Robert E.
245 1 0 _aPrinciples of cost accounting /
_cRobert E. Schmiedicke, Charles F. Nagy, Edward J. Vanderbeck.
250 _a8th ed.
260 _aCincinnati :
_bSouth-Western Pub. Co.,
_cc1988.
300 _axiv, 521 p. :
_bill. ;
_c24 cm.
500 _aIncludes index.
650 0 _aCost accounting.
700 1 _aNagy, Charles F.
700 1 _aVanderbeck, Edward J.
906 _a7
_bcbc
_corignew
_d3
_eopcn
_f19
_gy-gencatlg
942 _2lcc
_cBK
999 _c256144
_d256143